00726cam a22002534a 4500001000900000003000400009005001700013008004100030020001500071040002300086041000800109044000700117080001700124100002200141245007300163260004100236300002100277490003300298500003500331650001200366650003000378650003000408700003400438YPZ92673YPZ20251201105235.0100414s2007 ag a grb 001 0|spa|d a9509051357 cSIUNPAbspaeAACR2 aspa aag a355.01 S957a aSun Tzu.4, autor aEl arte de la guerrac/ Sun Tzu ; traducción y notas Roberto Curto aBuenos Airesb : Longsellerc , 2005 a187[4] p.b: il. a(Clásicos de siempra; v1) aEn portada: Versión completa a GUERRA a FILOSOFIA DE LA HISTORIA a SUN TZU y(400-320 a.c.) 4, tr. y notasaCurto, Roberto